| 000 | 00835nam a22002777a 4500 | ||
|---|---|---|---|
| 001 | 6933 | ||
| 003 | FISKH | ||
| 005 | 20250610152515.0 | ||
| 008 | 250610b cb ||||| |||| 00| 0 eng d | ||
| 020 | _a9788120733442 | ||
| 040 |
_aFISKH _beng _cFISKH _dFISKH |
||
| 050 | _aPZ7.C4217 | ||
| 082 | _a156 | ||
| 100 | _aChesterfield, Sadie | ||
| 245 |
_aMeet the Robinsons: _bA family for Lewis / _cby Sadie Chesterfield |
||
| 260 |
_aNew Delhi : _bDisney Enterprise, _c2007. |
||
| 300 |
_a30 unnumbered pages : _bcolor illstrations ; _c28 cm |
||
| 490 |
_aI can read : _vReading 2 with help. |
||
| 505 | _aJ | ||
| 520 | _aLewis finds a family when he travels to the future. | ||
| 521 | 8 |
_a430
_bLexile estimate |
|
| 521 | 8 |
_aJ
_bRaz-Plus |
|
| 650 |
_aPicture book _vDisney |
||
| 942 |
_2ddc _cBK _n0 |
||
| 999 |
_c6933 _d6933 |
||